00846nam a22002297a 450000500170000001000150001702000260003203500140005803700090007208200100008110000260009124500480011725000100016526000320017527001470020730000200035470000340037470000370040894200240044599900190046995201280048820241022142327.0 aENG-142245 a9788181523204c995.00 aEN-125777 bDBAD a320.6 aPrakash, Anand973152 aPublic Policy and System/cby Anand Prakash aFirst bBook Enclave c2013aJaipur mbookenclave@gmail.com mbookenclave@yahoo.comaF-11, S.S. Tower, Dhamani Streets, Chaura Rasta,bJaipure302003k91-141-2311900l91-9414443132 a288p.c22cm(hb) aRamasamy, Praveenkumar973141 aShanmugasundaram, Sowmika973142 2ddccENh320.6mPRA c206571d206571 001040708NFICaBNbBNd2024-10-22eDBADg995.00l0o320.6 PRApEN-125777r2024-10-22 00:00:00t1v995.00w2024-10-22yEN